|
|
|
|
| LEADER |
00987nam a22002892a 4500 |
| 001 |
001390043 |
| 003 |
CZ BrMZK |
| 005 |
20140702095607.0 |
| 007 |
ta |
| 008 |
140526s1961 xo a er|||||||||||slo d |
| 035 |
|
|
|a (OCoLC)320162812
|
| 040 |
|
|
|a ABA001
|b cze
|c ABA001
|d ABA001
|d OLA001
|d BOA001
|
| 041 |
1 |
|
|a slo
|h cze
|
| 100 |
1 |
|
|a Pašek, Mirko,
|d 1910-2002
|7 jk01091848
|4 aut
|
| 245 |
1 |
0 |
|a Ebenová karavána /
|c Mirko Pašek ; preložili Elena Rapošová a Gabriel Rapoš ; ilustrovala Dagmar Kočišová
|
| 250 |
|
|
|a 1. vyd.
|
| 260 |
|
|
|a Bratislava :
|b Mladé letá,
|c 1961
|
| 300 |
|
|
|a 310 s. :
|b il.
|
| 490 |
1 |
|
|a Dobrodružné čítanie
|
| 500 |
|
|
|a Přeloženo z ruštiny
|
| 521 |
8 |
|
|a Pro čtenáře od 11 let
|
| 700 |
1 |
|
|a Rapoš, Gabriel,
|d 1917-1994
|7 ola2002153023
|4 trl
|
| 830 |
|
0 |
|a Dobrodružné čítanie
|
| 910 |
|
|
|a BOA001
|b 2-0464.262
|
| 990 |
|
|
|a BK
|
| 991 |
|
|
|b 201405
|
| 996 |
7 |
|
|b 2619072182
|c 2-0464.262
|l MZK
|r Sklad / do 24 hodin
|n 0
|w 001425017
|u 000010
|a 1
|e BOA001
|j MZK50
|s A
|